Romanic català - Statistics

General Stats
  • This quiz has been taken 12 times
  • The average score is 4 of 10
Answer Stats
Picture Answer % Correct
Sant Climent de Taüll
90%
Santa Maria de Ripoll
60%
Sant Pere de Rodes
60%
Sant Vicenç de Cardona
60%
Sant Joan de les Abadesses
20%
Sant Pere de Besalú
20%
Sant Pere de Galligants
20%
Santa Maria d'Agramunt
10%
Santa Maria de Vilabertran
10%
Sant Ponç de Corbera
0%
No matching quizzes found
Score Distribution
Percent of People with Each Score
Percentile by Number Answered
Your Score History
You have not taken this quiz